Great Literature #3 - Statistics

General Stats
  • This quiz has been taken 668 times
  • The average score is 12 of 20
Answer Stats
Hint Answer % Correct
George Orwell Animal Farm
96%
Victor Hugo Les Misérables
92%
Edgar Allan Poe The Raven
91%
Geoffrey Chaucer The Canterbury Tales
85%
Ernest Hemingway For Whom the Bell Tolls
83%
William Golding Lord of the Flies
81%
Virgil The Aeneid
77%
Jack Kerouac On the Road
74%
Alice Walker The Color Purple
72%
Sophocles Antigone
71%
Edith Wharton The Age of Innocence
62%
William Faulkner As I Lay Dying
52%
Virginia Woolf Orlando: A Biography
46%
Nikolai Gogol Dead Souls
43%
Thomas Mann The Magic Mountain
42%
Fyodor Dostoyevsky The Possessed
32%
Laurence Sterne Tristram Shandy
32%
Ford Madox Ford The Good Soldier
30%
Franz Kafka Investigations of a Dog
26%
Jorge Luis Borges Universal History of Infamy
24%
No matching quizzes found
Score Distribution
Percent of People with Each Score
Percentile by Number Answered
Your Score History
You have not taken this quiz